<?xml version="1.0" encoding="UTF-8"?>
<record
    xmlns:xsi="http://www.w3.org/2001/XMLSchema-instance"
    xsi:schemaLocation="http://www.loc.gov/MARC21/slim http://www.loc.gov/standards/marcxml/schema/MARC21slim.xsd"
    xmlns="http://www.loc.gov/MARC21/slim">

  <leader>01854nam a22002417a 4500</leader>
  <controlfield tag="003">OSt</controlfield>
  <controlfield tag="005">20250228110751.0</controlfield>
  <controlfield tag="008">231010s2015    ag ||||| |||| 00| 1 spa d</controlfield>
  <datafield tag="020" ind1=" " ind2=" ">
    <subfield code="a">9789507533846</subfield>
  </datafield>
  <datafield tag="040" ind1=" " ind2=" ">
    <subfield code="c">besoc</subfield>
  </datafield>
  <datafield tag="245" ind1="1" ind2=" ">
    <subfield code="a">Cuatro cuentos policiales /</subfield>
    <subfield code="c">Edgar Alan Poe ... [et al.]</subfield>
  </datafield>
  <datafield tag="260" ind1=" " ind2=" ">
    <subfield code="a">Buenos Aires :</subfield>
    <subfield code="b">C&#xE1;ntaro,</subfield>
    <subfield code="c">2015</subfield>
  </datafield>
  <datafield tag="300" ind1=" " ind2=" ">
    <subfield code="a">107 p.</subfield>
  </datafield>
  <datafield tag="490" ind1=" " ind2=" ">
    <subfield code="a">Colecci&#xF3;n del Mirador</subfield>
  </datafield>
  <datafield tag="505" ind1="0" ind2=" ">
    <subfield code="a">Puertas de acceso -- Los or&#xED;genes : el cuento policial cl&#xE1;sico -- La evoluci&#xF3;n hacia el g&#xE9;nero negro -- Otras tendencias -- La variante latinoamericana -- La obra: La carta robada / Edgar Allan Poe -- El tren desaparecido / Arthur Conan Doyle -- Frente de tormenta / Vicente Battista -- El centro de la telara&#xF1;a / Christian X. Ferdinandus -- Bibliograf&#xED;a.-</subfield>
  </datafield>
  <datafield tag="520" ind1=" " ind2=" ">
    <subfield code="a">El enigma, la investigaci&#xF3;n, el desaf&#xED;o que implica el misterio por resolver. Todos estos elementos parecen hacer del policial algo m&#xE1;s que un genero narrativo. Lo convierten casi en un juego de ingenio, en el que el lector se convierte en un participante activo del camino hacia la respuesta. 
A trav&#xE9;s del tiempo, el policial cl&#xE1;sico ha ido incorporando elementos emergentes de las sociedades en que sus autores escribieron: la violencia, el cinismo, una mirada esc&#xE9;ptica de la vida, y hasta el desarrollo de la tecnolog&#xED;a.
Con estos cuatro ejemplos, esta antolog&#xED;a se propone un simple recorrido por los pasadizos de uno de los g&#xE9;neros considerados masivos, por su popularidad y aceptaci&#xF3;n por parte de los lectores. [Nota del editor] </subfield>
  </datafield>
  <datafield tag="650" ind1=" " ind2="4">
    <subfield code="a">Literatura</subfield>
    <subfield code="v">Cuentos policiales</subfield>
    <subfield code="y">Siglo XIX</subfield>
    <subfield code="y">Siglo XX</subfield>
    <subfield code="x">Colecci&#xF3;n juvenil</subfield>
  </datafield>
  <datafield tag="700" ind1="1" ind2=" ">
    <subfield code="a">Poe, Edgar Alan</subfield>
    <subfield code="d">(1809-1849)</subfield>
    <subfield code="e">autor</subfield>
  </datafield>
  <datafield tag="700" ind1="1" ind2=" ">
    <subfield code="a">Battista, Vicente,</subfield>
    <subfield code="d">(1940-)</subfield>
    <subfield code="e">autor</subfield>
  </datafield>
  <datafield tag="700" ind1="1" ind2=" ">
    <subfield code="a">Doyle, Arthur Conan,</subfield>
    <subfield code="d">(1859-1930)</subfield>
    <subfield code="e">autor</subfield>
  </datafield>
  <datafield tag="700" ind1="1" ind2=" ">
    <subfield code="a">Ferdinandus, Christian X.</subfield>
    <subfield code="e">autor</subfield>
  </datafield>
  <datafield tag="942" ind1=" " ind2=" ">
    <subfield code="2">udc</subfield>
    <subfield code="c">OG</subfield>
    <subfield code="n">0</subfield>
  </datafield>
  <datafield tag="999" ind1=" " ind2=" ">
    <subfield code="c">109</subfield>
    <subfield code="d">109</subfield>
  </datafield>
  <datafield tag="952" ind1=" " ind2=" ">
    <subfield code="0">0</subfield>
    <subfield code="1">0</subfield>
    <subfield code="2">ddc</subfield>
    <subfield code="4">0</subfield>
    <subfield code="7">0</subfield>
    <subfield code="a">ESOCIALES</subfield>
    <subfield code="b">ESOCIALES</subfield>
    <subfield code="d">2023-10-10</subfield>
    <subfield code="l">0</subfield>
    <subfield code="o">82-34 C961</subfield>
    <subfield code="p">000602</subfield>
    <subfield code="r">2023-10-10 00:00:00</subfield>
    <subfield code="w">2023-10-10</subfield>
    <subfield code="y">OG</subfield>
  </datafield>
</record>
